000 00475nam a22001577a 4500
005 20260418103441.0
008 260418b |||||||| |||| 00| 0 eng d
020 _a9780198292371
_qpbk
082 _a300.72
_bSCA
100 _a Scarbrough, Elinor
245 _aResearch Strategies in the Social Sciences: A Guide to New Approaches
_b A Guide to New Approaches
260 _aAmerica
_bOUP Oxford
_c‎ 30 July 1998
300 _axiv 316 p.
504 _aindex
942 _cREF
999 _c619638
_d619638